000
00222 a2200097 4500
020
_a
978-0-7787-8429-0
041
_a
spa
100
_a
Bobbie Kalman
245
_a
Los veterinarios cuidan la salud de los animales
942
_c
BK
999
_c
4578
_d
4578